1212 1935 1140 1759 1002 1956 1854 1731 1769 1301 1339 1547 1273 1173 1908 1483 1497 1612 1596 1819 1423 1727 1609 1377 1956 1089 1581 1710 1005 1500 1518 1032 1400 1653 1015 1595 1245 1716 1778 1231 1771 1028 1957 1206 1622 1876 1688 1155 1553 1084 1279 1006 2000 1379 1816 1512 1932 1938 1279 1852 1850 1041 1636 1625 1005 1758 1388 1811 1488 1165 1801 1890 1216 1621 1972 1397 1200 1358 1635 1026 1693 1926 1549 1468 1926 1340 1309 1459 1057 1021 1554 1851 1857 1591 1192 1132 1402 1967 1794 BCNSPRNW ULIB Ver.6.0+V

เปลี่ยนเป็นภาษาไทย

Change to English
 แสดงรายละเอียดบรรณานุกรม
  กลับหน้าหลัก

Brief Record : Get Marc (ISO 2709) : E-mail record : QR code < ปิดหน้าต่าง
LEADER : 00000nam 2200000uu 4500
001    13399123237
003     ULIB
008    020711s2555 th a 000 0 tha d
020    9786167323695
060    WK810^bว836ง
100    วีระวัฒน์ พันธ์ครุฑ,^eบรรณาธิการ
245    งานวิจัยการดูแลผู้ป่วยโรคเบาหวาน R2R Diadetic Care/^cสำนักงานหลักประกันสุขภาพแห่งชาติ
250    พิมพ์ครั้งที่ 1
260    กรุงเทพฯ :^bสำนักงานหลักประกันสุขภาพแห่งชาติ,^c2555
300    167 หน้า;^b26 ซม.
650    โรคเบาหวาน
650    การดูแลผู้ป่วยโรคเบาหวาน
700    รัชนีวัลย์ สมจิตรานุกิจ,^eบรรณาธิการร่วม
710    สำนักงานหลักประกันสุขภาพแห่งชาติ
945    ^p0^l0^i20377
945    ^p0^l0^i20378
945    ^p0^l0^i20379
945    ^p0^l0^i20380
945    ^p0^l0^i20381
รายการนี้ยังไม่มีแท็ก
คุณยังไม่ได้ล็อกอิน คุณสามารถมีกิจกรรมร่วมกับเว็บไซต์ได้ แต่ต้องล็อกอินก่อน ::
  ล็อกอิน

รายการสื่อสารสนเทศ

ลำดับที่ ประเภท เลขเรียก/บาร์โค้ด สถานที่ สถานะ
1. วิทยาศาสตร์การแพทย์ และสุขภาพ
วิทยาศาสตร์การแพทย์ และสุขภาพ
สถานะ=หนังสือเก่า
WK810 ว836ง ฉ.1 
  Barcode: 20377
ห้องสมุดวิทยาเขตนครสวรรค์
►ส่วนจัดเก็บหนังสือเก่า นว.
บนชั้น
  ขอยืม
2. วิทยาศาสตร์การแพทย์ และสุขภาพ
วิทยาศาสตร์การแพทย์ และสุขภาพ
สถานะ=หนังสือเก่า
WK810 ว836ง ฉ.2 
  Barcode: 20378
ห้องสมุดวิทยาเขตนครสวรรค์
►ส่วนจัดเก็บหนังสือเก่า นว.
บนชั้น
  ขอยืม
3. วิทยาศาสตร์การแพทย์ และสุขภาพ
วิทยาศาสตร์การแพทย์ และสุขภาพ
สถานะ=หนังสือเก่า
WK810 ว836ง ฉ.3 
  Barcode: 20379
ห้องสมุดวิทยาเขตนครสวรรค์
►ส่วนจัดเก็บหนังสือเก่า นว.
บนชั้น
  ขอยืม
4. วิทยาศาสตร์การแพทย์ และสุขภาพ
วิทยาศาสตร์การแพทย์ และสุขภาพ
สถานะ=หนังสือเก่า
WK810 ว836ง ฉ.4 
  Barcode: 20380
ห้องสมุดวิทยาเขตนครสวรรค์
►ส่วนจัดเก็บหนังสือเก่า นว.
บนชั้น
  ขอยืม
5. วิทยาศาสตร์การแพทย์ และสุขภาพ
วิทยาศาสตร์การแพทย์ และสุขภาพ
สถานะ=หนังสือเก่า
WK810 ว836ง ฉ.5 
  Barcode: 20381
ห้องสมุดวิทยาเขตนครสวรรค์
►ส่วนจัดเก็บหนังสือเก่า นว.
บนชั้น
  ขอยืม

รายการใกล้เคียง
    หัวเรื่อง [โรคเบาหวาน]
    หัวเรื่อง [การดูแลผู้ป่วยโรคเบาหวาน]

BibComment


ยังไม่เคยถูกคอมเมนท์

คอมเมนท์ทรัพยากรรายการนี้
  คอมเมนท์: งานวิจัยการดูแลผู..


 Copyright 2026. Bcnsprnw @Library